000 00603nam a22002057a 4500
005 20251108172658.0
008 250721s1999 xx 000 0 ara d
082 1 4 _a743/جود
100 1 _aجودي، محمدحسين
245 1 0 _aالرسم و الأشغال اليدوية /
264 1 _aعمان :
_bدار المسيرة،
_c1999.
300 _a269 ص
650 1 7 _aالتربية الفنية
650 1 7 _aالرسم
650 1 7 _aالحرف اليدوية
650 1 7 _aأساليب التدريس
653 _aالأشغال اليدوية
942 _2ddc
_cBK
999 _c85708
_d85708